|
|
|
|
| LEADER |
02362nam a22004695i 4500 |
| 001 |
978-3-540-33774-4 |
| 003 |
DE-He213 |
| 005 |
20150519183320.0 |
| 007 |
cr nn 008mamaa |
| 008 |
100301s2006 gw | s |||| 0|eng d |
| 020 |
|
|
|a 9783540337744
|9 978-3-540-33774-4
|
| 024 |
7 |
|
|a 10.1007/3-540-33774-1
|2 doi
|
| 040 |
|
|
|d GrThAP
|
| 050 |
|
4 |
|a QR1-502
|
| 072 |
|
7 |
|a PSG
|2 bicssc
|
| 072 |
|
7 |
|a SCI045000
|2 bisacsh
|
| 082 |
0 |
4 |
|a 579
|2 23
|
| 245 |
1 |
0 |
|a Inclusions in Prokaryotes
|h [electronic resource] /
|c edited by Jessup M. Shively.
|
| 264 |
|
1 |
|a Berlin, Heidelberg :
|b Springer Berlin Heidelberg,
|c 2006.
|
| 300 |
|
|
|a XII, 349 p. 68 illus., 11 in color. Also available online.
|b online resource.
|
| 336 |
|
|
|a text
|b txt
|2 rdacontent
|
| 337 |
|
|
|a computer
|b c
|2 rdamedia
|
| 338 |
|
|
|a online resource
|b cr
|2 rdacarrier
|
| 347 |
|
|
|a text file
|b PDF
|2 rda
|
| 490 |
1 |
|
|a Microbiology Monographs,
|x 1862-5576 ;
|v 1
|
| 505 |
0 |
|
|a Inclusions in Prokaryotes -- Prokaryote Inclusions: Descriptions and Discoveries -- Bacterial Sulfur Globules: Occurrence, Structure and Metabolism -- Acidocalcisomes and Polyphosphate Granules -- Bacterial Glycogen Inclusions: Enzymology and Regulation of Synthesis -- Biogenesis and Structure of Polyhydroxyalkanoate Granules -- Wax Ester and Triacylglycerol Inclusions -- Cyanophycin—an Ideal Bacterial Nitrogen Storage Material with Unique Chemical Properties -- Insecticidal Protein Crystals of Bacillus thuringiensis -- Protein Inclusion Bodies in Recombinant Bacteria -- Cameos of Selected Additional Inclusions -- Vacuoles -- The Unique Role of Intracellular Calcification in the Genus Achromatium -- Metal Inclusions in Bacteria -- Inclusion Proteins fromother Insecticidal Bacteria -- R-bodies.
|
| 650 |
|
0 |
|a Life sciences.
|
| 650 |
|
0 |
|a Biochemistry.
|
| 650 |
|
0 |
|a Microbiology.
|
| 650 |
|
0 |
|a Bacteriology.
|
| 650 |
1 |
4 |
|a Life Sciences.
|
| 650 |
2 |
4 |
|a Microbiology.
|
| 650 |
2 |
4 |
|a Bacteriology.
|
| 650 |
2 |
4 |
|a Biochemistry, general.
|
| 700 |
1 |
|
|a Shively, Jessup M.
|e editor.
|
| 710 |
2 |
|
|a SpringerLink (Online service)
|
| 773 |
0 |
|
|t Springer eBooks
|
| 776 |
0 |
8 |
|i Printed edition:
|z 9783540262053
|
| 830 |
|
0 |
|a Microbiology Monographs,
|x 1862-5576 ;
|v 1
|
| 856 |
4 |
0 |
|u http://dx.doi.org/10.1007/3-540-33774-1
|z Full Text via HEAL-Link
|
| 912 |
|
|
|a ZDB-2-SBL
|
| 950 |
|
|
|a Biomedical and Life Sciences (Springer-11642)
|